000 00669nam a2200241Ia 4500
003 OSt
005 20220918230336.0
006 a|||||r|||| 00| 0
007 ta
008 220917b |||||||| |||| 00| 0 eng d
024 _a252,160
037 _cTextual
040 _aARTS
_cARTS
_beng
041 _2eng
_aeng
082 _aY773:48.N5, L4
100 _aGreev Colin
_9152381
245 0 _aDivided society
_b The ethnic experience in America edited by Colin Greev
260 _aNew York
_bBasic Books USA
_c1974
300 _a405p.
_ccm.
650 _aSOCIOLOGY
942 _hY773:48.N5, L4
_cTEXL
_2CC
999 _c287753
_d287753